|
|
|
|
| LEADER |
02395nam a2200613 4500 |
| 001 |
ocn886116759 |
| 003 |
OCoLC |
| 005 |
20170124070057.6 |
| 006 |
m o d |
| 007 |
cr cnu---unuuu |
| 008 |
140809s2014 enk ob 001 0 eng d |
| 040 |
|
|
|a EBLCP
|b eng
|e pn
|c EBLCP
|d N$T
|d DG1
|d OCLCQ
|d YDXCP
|d OCLCF
|d COO
|d OCLCO
|d OCLCQ
|d OCLCO
|d DG1
|d K6U
|d GrThAP
|
| 020 |
|
|
|a 9783527682454
|q (electronic bk.)
|
| 020 |
|
|
|a 3527682457
|q (electronic bk.)
|
| 020 |
|
|
|a 9783527682447
|q (electronic bk.)
|
| 020 |
|
|
|a 3527682449
|q (electronic bk.)
|
| 020 |
|
|
|a 9783527682430
|q (electronic bk.)
|
| 020 |
|
|
|a 3527682430
|q (electronic bk.)
|
| 020 |
|
|
|a 9783527682423
|q (electronic bk.)
|
| 020 |
|
|
|a 3527682422
|q (electronic bk.)
|
| 020 |
|
|
|a 3527329374
|
| 020 |
|
|
|a 9783527329373
|
| 020 |
|
|
|z 9783527329373
|
| 029 |
1 |
|
|a CHBIS
|b 010259778
|
| 029 |
1 |
|
|a CHVBK
|b 325942102
|
| 029 |
1 |
|
|a ZWZ
|b 184679737
|
| 035 |
|
|
|a (OCoLC)886116759
|
| 050 |
|
4 |
|a RM282.I44
|b H36 2010
|
| 072 |
|
7 |
|a MED
|x 071000
|2 bisacsh
|
| 082 |
0 |
4 |
|a 615.37
|2 22
|
| 049 |
|
|
|a MAIN
|
| 245 |
0 |
0 |
|a Handbook of Therapeutic Antibodies.
|
| 250 |
|
|
|a 2nd ed.
|
| 264 |
|
1 |
|a [England] :
|b Wiley Blackwell,
|c 2014.
|
| 300 |
|
|
|a 1 online resource (2333 pages)
|
| 336 |
|
|
|a text
|b txt
|2 rdacontent
|
| 337 |
|
|
|a computer
|b c
|2 rdamedia
|
| 338 |
|
|
|a online resource
|b cr
|2 rdacarrier
|
| 588 |
0 |
|
|a Print version record.
|
| 504 |
|
|
|a Includes bibliographical references and index.
|
| 505 |
0 |
|
|a Volume 1. Defining the Right Antibody Composition -- Volume 2. Clinical Development of Antibodies -- Volume 3. Approved Therapeutic Antibodies -- Volume 4. Approved Therapeutic Antibodies and in vivo Diagnostics.
|
| 650 |
|
0 |
|a Immunoglobulins
|x Therapeutic use.
|
| 650 |
|
0 |
|a Immunopharmacology.
|
| 650 |
|
0 |
|a Immunoglobulins
|x Biotechnology.
|
| 650 |
|
7 |
|a MEDICAL
|x Pharmacology.
|2 bisacsh
|
| 650 |
|
7 |
|a Immunoglobulins
|x Biotechnology.
|2 fast
|0 (OCoLC)fst00967963
|
| 650 |
|
7 |
|a Immunoglobulins
|x Therapeutic use.
|2 fast
|0 (OCoLC)fst00967968
|
| 650 |
|
7 |
|a Immunopharmacology.
|2 fast
|0 (OCoLC)fst00968030
|
| 655 |
|
4 |
|a Electronic books.
|
| 700 |
1 |
|
|a Dübel, Stefan.
|
| 700 |
1 |
|
|a Reichert, Janice M.
|
| 776 |
0 |
8 |
|i Print version:
|a Dübel, Stefan.
|t Handbook of Therapeutic Antibodies.
|b 2nd ed.
|d Hoboken : Wiley, 2014
|z 9783527329373
|
| 856 |
4 |
0 |
|u https://doi.org/10.1002/9783527682423
|z Full Text via HEAL-Link
|
| 994 |
|
|
|a 92
|b DG1
|